00944cam a22002774a 4500001000500000005001700005008004100022020001500063020001800078040002300096050002300119082001400142100003600156245004400192260003500236300002400271505000800295520018100303521002000484521002000504650002300524650002600547650003900573650002200612650003200634104720230815161313.0990318s1999 nyu c 000 1 eng  a0590288792 a9780439367868 aDLCcDLCdDLCbeng00aPZ7.H1828bBl 199900a[Fic]2211 aHamilton, Virginia,d1934-2002.10aBluish :ba novel /cVirginia Hamilton. aNew York :bScholastic,c1999. a127 pages :c20 cm. aJ  aTen-year-old Dreenie feels both intrigued and frightened when she thinks about the girl nicknamed Bluish, whose leukemia is making her pale and causing her to use a wheelchair. a460 bLexile  aJ bRaz-Plus  1aLeukemiavFiction. 1aWheelchairsvFiction. 1aPeople with disabilitiesvFiction. 1aSchoolsvFiction. 1aAfrican AmericansvFiction.